Balanced Scorecard ako nástroj zvyšovania výkonnosti podniku so zameraním na perspektívu učenia a rastu v súkromnom podniku

Saved in:
Bibliographic Details
Main Author: Gallo, Peter
Other Authors: Antošová, Mária, 1965-
Format: Book Chapter
Language:Slovak
Tags: Add Tag
No Tags, Be the first to tag this record!

MARC

LEADER 00000naa$a2200000$$$4500
001 0312105
005 20250908093734.7
041 0 |a slo 
044 |a SK 
245 1 0 |a Balanced Scorecard ako nástroj zvyšovania výkonnosti podniku so zameraním na perspektívu učenia a rastu v súkromnom podniku  |c Peter Gallo, Mária Antošová 
100 1 |a Gallo, Peter 
700 1 |a Antošová, Mária, 1965-